000 01408nam a2200349 c 4500
003 BLK
005 20240209093951.0
008 180409b bul|||||r ||||||| ||bul||
010 _aKNG00113297000
020 _a954-528-424-2
_bиздат.: Труд
040 _aBLK
041 _aBUL
_cBUL
080 _aВина. Винопроизводство
_b663.2
_x(091)(031)
_z663.2(091)(031)
080 _aВина. Винопроизводство
_b663.2
_x(497.2)(031)
_z663.2(497.2)(031)
100 1 _aБориславов, Ясен
_eпърви автор
_9286180
700 1 _aВеселинов, Людмил
_eхудож.
_9291052
139 _aБориславов, Ясен
_bБ 65
245 1 0 _aВиното
_bБълг. енциклопедия : История, Култура, Технология, Дегустация, Изби и вина : Бълг. енциклопедия
_cЯсен Бориславов; худож. Людмил Веселинов.
257 _aBGR
260 София
_bТруд
_c2004
300 _a254 с.
_bс цв. ил.
_c29 см
380 _a62
650 4 _aВинопроизводство
_9150734
653 _aвино
653 _aенциклопедии
852 _aЦб ІІ 12637
856 4 _qpdf
_u
856 4 _qpdf
_u
942 _cKNG
_n0
_01
944 _aCR
_c31.05.2004
_k30546
_lРенета Константинова
944 _aED
_c27.02.2013
_k
999 _c108000
_d108000